Deep freezing menus (Record no. 2458)
[ view plain ]
| 000 -LEADER | |
|---|---|
| fixed length control field | 00742cam a2200265 i 4500 |
| 001 - CONTROL NUMBER | |
| control field | 1324614 |
| 003 - CONTROL NUMBER IDENTIFIER | |
| control field | 002572 |
| 005 - DATE AND TIME OF LATEST TRANSACTION | |
| control field | 20240606080855.0 |
| 008 - FIXED-LENGTH DATA ELEMENTS--GENERAL INFORMATION | |
| fixed length control field | 780202s1976 enka 001 0 eng |
| 010 ## - LIBRARY OF CONGRESS CONTROL NUMBER | |
| LC control number | 78301124 |
| 015 ## - NATIONAL BIBLIOGRAPHY NUMBER | |
| National bibliography number | GB77-27935 |
| 020 ## - INTERNATIONAL STANDARD BOOK NUMBER | |
| International Standard Book Number | 0722164378 : |
| Terms of availability | £0.60 |
| 040 ## - CATALOGING SOURCE | |
| Original cataloging agency | DLC |
| Transcribing agency | MRUC |
| Modifying agency | MRUC |
| 050 00 - LIBRARY OF CONGRESS CALL NUMBER | |
| Classification number | TX828 |
| Item number | .N67 1976 |
| 100 1# - MAIN ENTRY--PERSONAL NAME | |
| Personal name | Norwak, Mary. |
| 245 10 - TITLE STATEMENT | |
| Title | Deep freezing menus |
| 250 ## - EDITION STATEMENT | |
| Edition statement | New ed. |
| 260 ## - PUBLICATION, DISTRIBUTION, ETC. | |
| Place of publication, distribution, etc. | Great Britain : |
| Name of publisher, distributor, etc. | Sphere, |
| Date of publication, distribution, etc. | 1976. |
| 300 ## - PHYSICAL DESCRIPTION | |
| Extent | 164 p. : |
| Other physical details | ill. ; |
| Dimensions | 18 cm. |
| 500 ## - GENERAL NOTE | |
| General note | Includes index. |
| 650 #0 - SUBJECT ADDED ENTRY--TOPICAL TERM | |
| Topical term or geographic name entry element | Cooking (Frozen foods) |
| 650 #0 - SUBJECT ADDED ENTRY--TOPICAL TERM | |
| Topical term or geographic name entry element | Frozen foods. |
| 906 ## - LOCAL DATA ELEMENT F, LDF (RLIN) | |
| a | 7 |
| b | cbc |
| c | orignew |
| d | 3 |
| e | ncip |
| f | 19 |
| g | y-gencatlg |
| 942 ## - ADDED ENTRY ELEMENTS (KOHA) | |
| Source of classification or shelving scheme | Library of Congress Classification |
| Koha item type | Books |
| Withdrawn status | Lost status | Source of classification or shelving scheme | Damaged status | Not for loan | Home library | Current library | Date acquired | Total checkouts | Full call number | Barcode | Date last seen | Date last checked out | Price effective from | Koha item type |
|---|---|---|---|---|---|---|---|---|---|---|---|---|---|---|
| Library of Congress Classification | Murang'a University of Technology Library | Murang'a University of Technology Library | 28/01/2016 | 2 | TX828 .N67 1976 | 002572 | 11/05/2017 | 04/05/2017 | 28/01/2016 | Books |